Ssc Napoli - Tous les joueurs de 2000 à 2010 - Statistiques

Statistiques générales
  • Ce quiz a été pris 5 fois
  • Le résultat moyen est 4 sur 165
Statistiques - réponses
Saisons Nationalité Joueur Nombre
De Matchs
Poste % Correct
2009 - 20102012 - 2022 Italie LorenzoInsigne 434 A
100%
2007 - 2019 Slovaquie MarekHamsik 520 M
80%
2007 - 2012 Argentine EzequielLavezzi 188 A
60%
2009 - 2010 Italie FabioQuagliarella 37 A
40%
2009 - 2015 Colombie CamiloZuniga 162 D/M
20%
2008 - 2018 Italie ChristianMaggio 308 D
20%
2009 - 2013 Argentine HugoCampagnaro 143 D
20%
2009 - 2013 Italie MorganDe Sanctis 175 G
20%
1998 - 19992006 - 2014 Italie PaoloCannavaro 278 D
20%
2000 - 2003 Maroc AbdelilahSaber 52 D
0%
2000 - 2001 Italie AlbertoFontana 14 G
0%
2002 - 20032004 - 2005 Italie AlbertoSavino 21 D
0%
2003 - 2004 Italie AlessandroDel Grosso 19 D
0%
2000 - 2001 Italie Amauri 6 A
0%
2003 - 2004 Italie AndreaBernini 33 M
0%
2005 - 2006 Italie AndreaBriotti 10 D
0%
2009 - 2013 Italie AndreaDossena 109 D/M
0%
2001 - 2002 Italie AndreaGaveglia 1 D
0%
2008 - 2009 Italie AndreaRussotto 17 M
0%
2005 - 2008 Italie AndreCupi 28 D
0%
2005 - 2006 Italie AnielloNappi 1 A
0%
2000 - 2003 Italie AntonioBocchetti 74 D
0%
2000 - 2004 Italie AntonioFloro Flores 67 A
0%
1998 - 19992001 - 2002 Italie BrunoDi Napoli 2 M
0%
2001 - 2003 Honduras CarlosPavon 14 A
0%
2004 - 2005 Italie CarmineGautieri 5 A
0%
2003 - 2006 Italie CataldoMontesanto 68 M
0%
2000 - 2002 Italie CiroCaruso 18 D
0%
1997 - 2001 Italie ClaudioBellucci 101 A
0%
2002 - 2003 Italie ClaudioFerrarese 15 A
0%
2000 - 2003 Argentine ClaudioHusain 44 M
0%
2004 - 2005 Italie ClaudioTerzi 15 D
0%
2006 - 2007 Italie CristianBucchi 34 A
0%
1997 - 19982000 - 2001 Serbie DamirStojak 14 A
0%
2007 - 2009 Italie DanieleMannini 41 M
0%
2003 - 2004 Italie DanielePortanova 32 D
0%
2000 - 2002 Italie DarioBaccin 41 D
0%
2002 - 2004 Italie DarioMarcolin 47 M
0%
2004 - 2007 Italie DavidGiubilato 46 D
0%
2000 - 2004 Suisse DavidSesa 82 A
0%
2002 - 2004 Italie DavideDionigi 64 A
0%
2001 - 2003 Italie DomenicoCristiano 19 M
0%
2000 - 2001 Brésil Edmundo 17 A
0%
2001 - 2002 Italie EdoardoArtistico 4 A
0%
2005 - 2006 Italie ElioNigro 1 D
0%
2004 - 2005 Italie EmanueleBelardi 16 G
0%
2004 - 2005 Italie EmanueleBerrettoni 13 A
0%
2004 - 20082012 - 2013 Italie EmanueleCalaio 136 A
0%
2002 - 2004 Italie EmanueleManitta 50 G
0%
1999 - 2003 Italie EmanueleTroise 85 D
0%
1999 - 20002001- 2002 Italie EmilianoBigica 17 M
0%
2006 - 20082009 - 2010 Italie ErminioRullo 17 D
0%
2009 - 2010 Autriche ErwinHoffer 11 A
0%
2001 - 2002 Espagne EstebanLopez 1 D
0%
2007 - 2011 Brésil FabianoSantacroce 62 D
0%
2001 - 2004 Qatar Fabio CesarMontezine 80 M
0%
2004 - 2008 Italie FabioGatti 50 D
0%
1993 - 19972000 - 2001 Italie FabioPecchia 172 M
0%
2000 - 2001 Argentine FacundoQuiroga 28 D
0%
1997 - 2001 Italie FerdinandoCoppola 25 G
0%
1995 - 20012002 - 2003 Italie FrancecsoBaldini 195 D
0%
2000 - 2003 Italie FrancescoMancini 87 G
0%
2002 - 2009 Italie FrancescoMontervino 169 M
0%
2000 - 2002 Italie FrancescoMoriero 26 A
0%
2001 - 2002 Italie GaetanoAvolio 1 D
0%
2004 - 2006 Italie GaetanoFontana 43 M
0%
2005 - 2006 Italie GaetanoGrieco 18 A
0%
2002 - 2005 Italie GennaroEsposito 8 M
0%
1996 - 20002004 - 2005 Italie GennaroScarlato 78 D
0%
2005 - 2011 Italie GennarroIezzo 119 G
0%
2004 - 2005 Italie GerardoSchettinp 2 M
0%
2008 - 2010 Argentine GermanDenis 72 A
0%
2000 - 2001 Italie GiacomoTedesco 14 M
0%
2004 - 2013 Italie GianlucaGrava 180 D
0%
2001 - 2002 Italie GianlucaLuppi 30 D
0%
2003 - 2004 Italie GianlucaSavoldi 14 A
0%
2000 - 2001 Italie GiorgioDi Vicino 8 M
0%
2004 - 2005 Italie GiovanniIgnoffo 33 D
0%
1999 - 20002001 - 2002 Italie GiuseppeAlessi 20 M
0%
2003 - 2004 Italie GiuseppeVitagliano 1 M
0%
2002 - 2004 Colombie GonzaloMartinez 32 D
0%
2006 - 2008 Autriche GyorgyGarics 41 D
0%
2004 - 2005 Italie IgnazioAbate 33 D
0%
2005 - 2007 Italie IvanoTrotta 48 M
0%
2008 - 2010 Argentine JesusDatolo 25 M
0%
2000 - 2004 Portugal José LuisVidigal 91 M
0%
2004 - 2005 Suède KarlCorneliusson 11 D
0%
2004 - 2005 Brésil LeandroGuerreiro 3 M
0%
2008 - 2010 Italie LeandroRinaudo 44 D
0%
2008 - 2009 Italie LucaBucci 1 G
0%
2009 - 2010 Italie LucaCigarini 29 M
0%
2005 - 2006 Italie LucaLacrimini 12 D
0%
1998 - 2001 Italie LucaMondini 25 G
0%
2004 - 2005 Italie LuigiConsonni 18 M
0%
1997 - 20002001 - 2002 Italie LuigiMalafronte 21 D
0%
1998 - 19992001 - 2002 Italie LuigiNumerato 2 M
0%
2008 - 20092017 - 2018 Italie LuigiSepe 4 G
0%
2005 - 20072008 - 2009 2010 - 2011 Italie LuigiVitale 41 D
0%
2007 - 20082010 - 2011 Italie ManueleBlasi 73 M
0%
2003 - 2004 Italie MarcelloD'Angelo 1 M
0%
2007 - 2009 Uruguay MarceloZalayeta 56 A
0%
2004 - 2008 Italie MarcoCapparella 68 A
0%
2001 - 2004 Italie MarcoQuadrini 14 D
0%
2001 - 2002 Italie MarcoRoccati 1 G
0%
2002 - 2003 Italie MarcoStorari 4 G
0%
1997 - 19982003 - 2004 Italie MarcoZamboni 42 D
0%
2000 - 2002 RépubliqueTchèque MarekJankulovski 53 D
0%
2005 - 2010 Uruguay MarianoBogliacino 156 M
0%
2001 - 2003 Italie MarianoStendardo 10 D
0%
2003 - 2004 Croatie MarioCvitanovic 9 D
0%
2005 - 2006 Italie MarioRamaglia 1 A
0%
2003 - 2004 Serbie MarkoPerovic 15 M
0%
2004 - 2005 Italie MassimilianoVarricchio 18 A
0%
2003 - 2004 Australie MassimilianoVieri 29 A
0%
2003 - 2004 Italie MassimoCarrera 26 D
0%
2001 - 2002 Italie MassimoRastelli 34 A
0%
1999 - 2003 Italie MassimoRusso 8 D
0%
2007 - 2010 Italie MatteoContini 86 D
0%
2004 - 2011 Italie MatteoGianello 59 G
0%
2001 - 2003 Italie MatteoVilla 33 D
0%
2001 - 2002 Italie MattiGraffiedi 27 A
0%
1999 - 2001 Brésil Matuzalem 61 M
0%
2000 - 2001 Argentine MauricioPineda 22 D
0%
2002 - 2003 Italie MaurizioD'Angelo 15 D
0%
2006 - 2008 Italie MaurizioDomizzi 73 D
0%
2001 - 2004 Italie MauroBonomi 102 D
0%
2007 - 2011 Italie MichelePazienza 121 M
0%
2005 - 2008 Italie MirkoSavini 80 D
0%
2000 - 2001 Italie NicolaAmoruso 32 A
0%
2004 - 2005 Italie NicolaCorrent 29 M
0%
2001 - 2003 Italie NicolaMancino 3 M
0%
1998 - 20002004 - 2005 Italie NicolaMora 83 D
0%
2004 - 2005 Italie NicolaPozzi 3 A
0%
2003 - 2004 Italie NicolaZanini 37 M
0%
2005 - 20072008 - 2010 Uruguay NicolasAmodio 64 M
0%
2007 - 2009 Argentine NicolasNavarro 25 G
0%
2003 - 2004 Italie NunzioDi Roberto 2 A
0%
2004 - 2005 Belgique OlivierRenard 2 G
0%
1998 - 2002 Italie OscarMagoni 127 M
0%
2004 - 20072008 - 2010 Brésil Pia 102 A
0%
2003 - 2004 Italie PierluigiBrivio 5 G
0%
2001 - 2002 Italie RaffaeleAmetrano 23 M
0%
2002 - 2003 Italie RaffaeleGragnaniello 1 G
0%
2009 - 2011 Italie RaffaeleMaiello 4 M
0%
2002 - 2004 Italie RaffaelePianese 4 A
0%
2003 - 2004 Italie RaffaeleSorriso 1 G
0%
2003 - 2004 Italie RenatoOlive 18 M
0%
2005 - 2006 Italie RobertoDe Palma 5 A
0%
2006 - 2008 Italie RobertoDe Zerbi 42 M
0%
2004 - 2008 Argentine RobertoSosa 131 A
0%
1999 - 2003 Italie RobertoStellone 102 A
0%
2005 - 2008 Paraguay RubenMaldonado 74 D
0%
2002 - 2004 Italie RubensPasino 41 M
0%
2004 - 2005 Italie SalvatoreAccursi 12 D
0%
2008 - 2012 Italie SalvatoreAronica 141 D
0%
2000 - 2001 Italie SalvatoreFresi 24 D
0%
2006 - 2009 Italie SamueleDalla Bona 43 M
0%
2003 - 2004 Italie SeanSogliano 7 D
0%
2004 - 2005 Italie SimoneBonomi 23 D
0%
2004 - 2005 Brésil Toledo 11 A
0%
2004 - 2006 Italie TommasoRomito 35 D
0%
2002 - 2003 Italie VincenzoPlatone 2 D
0%
2003 - 2004 Italie VittorioTosto 39 D
0%
2007 - 20122014 - 2015 Uruguay WalterGargano 235 M
0%
2001 - 2002 CoteD'ivoire YoussoufKamara 1 A
0%
Aucun quiz correspondant
Distribution des résultats
% des personnes avec chaque résultat
Percentile par nombre de réponses
Votre historique - résultats
Vous n’avez pas pris ce quiz